01281nab a22002657a 4500999001500000003000400015005001700019008004100036040000700077100003300084245018900117260007200306300001300378500003900391505016100430505008900591650002600680650003800706650003400744650002900778650002200807650003000829773014300859942001301002 c5908d5908OSt20260110015059.0190605e xxu||||| |||| 00| 0 spa d cPJ 96775aCalligaro, Cynthia P. 10aNueva tendencia global :b¿cómo funciona la visa para los nómades digitales implementada por Argentina? / cCynthia P. Calligaro, Walter Mañko, Juan Antonio Fernández Legrand. aCiudad Autónoma de Buenos Aires :bThomson Reuters La Ley,c2023. ap. 36-40 aCita: TR LALEY AR/DOC/2530/2023.  aSumario: I. Introducción.— II. Aspectos migratorios.— III. Aspectos fiscales.— IV. Aspectos laborales y de la seguridad social.— V. Conclusiones.  t¿Te interesa el texto completo? Solicitalo al correo: koha@justierradelfuego.gov.ar 091316aDERECHO LABORAL 09289aTECNOLOGIA DE LA INFORMACION 095817aINTELIGENCIA ARTIFICIAL 09273aDERECHO INFORMATICO 094439aTELETRABAJO 091323aCONTRATO DE TRABAJO0 0271193168dCiudad Autónoma de Buenos Aires : Thomson Reuters La Ley, 1999-2002.tRevista de derecho del trabajo. Nº 6 - Noviembre 2023 2udccANA